| 000 | 00371nam a22001217a 4500 | ||
|---|---|---|---|
| 082 |
_a625.7068 _bFIF |
||
| 100 |
_aTHE WORLD BANK. _919583 |
||
| 245 |
_aFifth international road federation executive conferenc on road managment/ _bTHE WORLD BANK. |
||
| 260 |
_aTempe, Arizona. _c1991. |
||
| 526 |
_a0 _b0 _c0 _d625_706800000000000_FIF |
||
| 650 |
_aMCE _9379 |
||
| 942 |
_2ddc _cBK |
||
| 999 |
_c547416 _d547416 |
||